000 00382nam a2200133Ia 4500
008 220217s9999||||xx |||||||||||||| ||und||
020 _a0-07-060122-4
082 _a620.001 51535
100 _aHutton, David, V
_95462
245 0 _aFundamentals of finite element analysis
260 _aTata mcgraw hill company Ltd
_bNew Delhi
_c2006
300 _b325
650 _aMECHANICHAL
999 _c176447
_d176447